| 000 | 00925nac a22002777a 4500 | ||
|---|---|---|---|
| 001 | BR0100101 | ||
| 003 | BR-BrBNA | ||
| 005 | 20240105122457.0 | ||
| 008 | 230509b bl.|||m| |||| 00| 0 por d | ||
| 040 |
_aBR-BrBNA _bpor _cBiblioteca Nacional de Agricultura |
||
| 072 | _aF04 | ||
| 090 | _a1410 BR0100101 | ||
| 100 | 1 | _aBatista Filho, M.P.G. | |
| 110 | 1 |
_aEMBRAPA Arroz e Feijao, Goiania, GO (Brasil) _93568 |
|
| 245 | 1 | _aAdubacao nitrogenada de cobertura e seu efeito economico na cultura do feijoeiro irrigado | |
| 260 | 3 |
_aSanto Antonio de Goias, GO (Brasil): _c1999. |
|
| 300 | _a2 p. | ||
| 490 |
_aPesquisa em Foco - EMBRAPA Arroz e Feijao (Brazil) _vno. 31 _xISSN 1415-2304 |
||
| 650 | _aFeijao | ||
| 650 | _aFertilizante Nitrogenado | ||
| 650 | _aAdubacao de Cobertura | ||
| 650 | _aIrrigacao | ||
| 650 | _aEconomia Agricola | ||
| 909 |
_a202312 _bLúcia Elande _c55 _dLúcia Elande |
||
| 942 |
_2AGRIS _n0 _cMS |
||
| 999 |
_c291238 _d291238 |
||